00472nam a2200121 a 450000500170000000800410001705000180005810000240007624500900010026000430019099900190023395200980025220140414131856.0100827s19uu xx 00 eng d aFILbB31 2009 aVillanueva, Rene O. aAng batang natutong sumunod sa magulang :bThe child who learned to obey his parents. aManila, Philippines :bLampara,c2009. c110488d110488 001040aMUbMUcFILd2010-08-27l0oFIL B31 2009pM0904r2014-04-14 00:00:00w2014-04-14yBK